000 03096nam a2200253 a 4500
001 000008565
005 20260120073950.0
008 090917s2002 dr a 001 0 spa d
040 _aDO-SdBNP
_bspa
_cBNPHU
082 _a248.482
_bG633p, 2002
100 1 _aGómez Navarro, Eusebio
_92192
245 1 0 _aParábolas para orar y amar /
_cEusebio Gómez Navarro.
250 _a3ª ed.
260 _aSanto Domingo :
_bMonte Carmelo :
_bEspiritualidad del Caribe,
_c2002.
300 _a213 p. :
_bil. ;
_c22 cm.
505 0 _tIntroducción --
_tEn las manos de Dios --
_tCon los pies en la luna --
_tCreer apasionadamente en Dios --
_tNo estar solo --
_tDios está en la calle --
_tLa alegría está dentro --
_tDios vive --
_tLos avisos de Dios --
_tDejar a Dios ser Dios --
_tDios es madre --
_tLa providencia --
_tVenid y trabajad --
_tEn el corazón de Dios --
_tEl poder de la palabra --
_tYo en Él --
_tHija de Dios --
_tDios es maravilloso --
_tDios manda como en su casa --
_tCristo es una mina --
_tSaber de Cristo --
_tCon los pies en la Tierra --
_tVer y creer --
_tPoner los ojos en Cristo --
_tEn el silencio --
_tEl Espíritu es buen chofer --
_tEl domingo y Dios --
_tHe encontrado a los míos --
_tLa presencia es un don --
_tLa fuerza del amor --
_tUna explosión de vida --
_tNo hay temor en el amor --
_tEl precio de una vida --
_tUn poco de amor --
_tInstituto de madre --
_tHijo por adopción --
_tMorir para vivir --
_tFuego sin consumirse --
_tUna sonrisa para todos --
_tRepara mi casa --
_tReconstruir --
_tTodo es posible --
_tBasta un poco de tierra --
_tPiel de tigre --
_tEl niño que quería ser televisor --
_tTrasplante de corazón --
_tOído y lengua --
_tSé tú mi madre --
_tBasta un fósforo --
_tUn día en la Cruz Roja --
_tSer medicina o veneno --
_tPlantar sin esperar los frutos --
_tEl pensamiento mata --
_tNo te fíes de los falsos amigos --
_tLos dos amigos --
_tArrima el horno --
_tÁngel de vida --
_tRíos de amor --
_tDiez minutos de felicidad --
_tBendecir siempre --
_tSanto en sueños --
_tServicio humilde --
_tPracticar la bondad --
_tAl servicio de Dios ---
_tDe corazón agradecido --
_tDulce oración --
_tSaber elegir --
_tÉl me mira --
_tDescubrir la belleza --
_tSe entiende con el corazón --
_tParalíticos --
_tEnanos --
505 0 _tRemedios para la melancolía --
_tDios sabe hablar y escuchar --
_tOrar con la mirada --
_tDíselo hoy --
_tQuien cree perdona --
_tApóstol del perdón --
_tDios olvida --
_tAprender a perdonar --
_tNo dormir con rencor --
_tDios está en el dolor --
_tCruces pesadas --
_tCon las lámparas encendidas --
_tLa perla del dolor --
_tEscucha a tu hermano --
_tLuz para ver --
_tVer con el corazón --
_tDignidad para todos --
_tCree. Ama --
_tLuz en la noche --
_tPan para todos --
_tConstruir la paz --
_tVelas para la paz --
_tOptar por la paz --
_tNo matar --
_tYa puedo volar --
_tEscaparse de la jaula --
_tSueño de libertad --
_tEl álamo y la encima.
590 _aInventariado, 2018/ YL
650 0 _aVida espiritual
_9268
650 4 _aMeditación
_9687
650 4 _aParábolas bíblicas
_922956
650 4 _aBiblia como literatura
_92194
910 _aValidado. Control de calidad EMS
999 _c8335
_d8335